000 00889nam a22001817a 4500
008 110516s2010 ua|||||r|||| 000 0 ara d
020 _a9789770929070
082 _222
_a217.6
_bإ س م
100 _923860
_aإسماعيل، حماده محمود
245 _aحسن البنا :
_bوجماعة الإخوان المسلمين بين الدين والسياسة 1928-1949 /
_cحماده محمود إسماعيل
260 _aالقاهرة :
_bدار الشروق، 2010
_c2010
300 _a454 ص ؛
_c24 سم
504 _aيشتمل على ببليوجرافية ص 445-454
650 _915845
_aالإخوان المسلمون
653 _bPol
_cMay2011
942 _2ddc
_cBB
999 _c15304
_d15304